000 00501nam a2200205Ia 4500
003 0100
008 130303s9999 xx 000 0 und d
040 _cARRUPELIB
050 _aB945.D44S35 1951
100 _aDewey, John
245 4 _aThe philsophy of John Dewey
260 _aNew York
260 _bTudor Publishing company
260 _C1951
300 _a718p.
300 _b 22cm
440 _aThe library of living philosophers
700 _aSchilpp, Paul Arthur
942 _2lcc
_03
999 _c63150
_d63150